| 000 | 01348nam a2200313Ia 4500 | ||
|---|---|---|---|
| 003 | OSt | ||
| 005 | 20200924115143.0 | ||
| 008 | 191128s2010 ck a gr 000 0 spa d | ||
| 020 | _a9789584460264 | ||
| 040 |
_aCO-JMCR _cCO-JMCR |
||
| 041 | 0 | _aspa | |
| 082 | 0 | 4 |
_a550 / _bH565m _223 |
| 100 | 1 |
_aHerrera, Yajaira. _eautora _910788 |
|
| 245 | 1 | 0 |
_aManual para la adquisición y procesamiento de sísmica terrestre y su aplicación en Colombia / _cYajaira Herrera, Norman Cooper ; revisores Luis Alberto Briceño, Carlos Alberto Rey. |
| 260 |
_aBogotá : _bUniversidad Nacional de Colombia : _bFacultad de Ciencias : _bDepartamento de Geociencias, _c2010. |
||
| 300 |
_a124 páginas : _bilustraciones, gráficos ; _c29 cm. |
||
| 504 | _aIncluye referencias bibliográficas páginas 121-124. | ||
| 505 | 0 | _aExploración petrolera -- Adquisición de siísmica terrestre | |
| 650 | 2 | 4 |
_aPetróleo _xHistoria _zColombia _910789 |
| 650 | 2 | 4 |
_aTopografía _zColombia _910790 |
| 650 | 2 | 4 |
_aMétodo sísmico _xUso _910791 |
| 650 | 2 | 4 |
_aTopografía _xMetodología _910792 |
| 650 | 2 | 4 |
_aMétodo sísmico _xEquipo y accesorios _910793 |
| 650 | 2 | 4 |
_aGeofísica _xMetodología _910794 |
| 700 | 1 |
_aCooper, Norman., _eautor _910795 |
|
| 700 | 1 |
_aRey, Carlos Alberto, _erevisor _910796 |
|
| 700 | 1 |
_aMontes Vides, Luis Alfredo, _eeditor _910797 |
|
| 942 |
_2ddc _cBK |
||
| 999 |
_c3867 _d3867 |
||